Innovation pathways : from project to mainstreaming. Community Initiatives, Adapt and Employment in Italy
שמור ב:
| פורמט: | ספר |
|---|---|
| שפה: | אנגלית |
| יצא לאור: |
Roma
ISFOL
2002
|
| תגים: |
אין תגיות, היה/י הראשונ/ה לתייג את הרשומה!
|
MARC
| LEADER | 00000nam a2200000 4500 | ||
|---|---|---|---|
| 005 | 20231123130626.0 | ||
| 008 | 231123b |||||||| |||| 00| 0 eng d | ||
| 040 | |c C | ||
| 245 | |a Innovation pathways |b : from project to mainstreaming. Community Initiatives, Adapt and Employment in Italy | ||
| 260 | |a Roma |b ISFOL |c 2002 | ||
| 942 | |2 ddc |c BK |n 0 | ||
| 952 | |0 0 |1 0 |2 ddc |4 0 |6 363_068100000000000_CAR_INN |7 1 |9 330 |a GE |b GE |d 2015-12-14 |l 0 |o 363.0681 CAR INN |p 3011 |r 2023-11-23 13:07:02 |w 2023-11-23 |y BK | ||
| 999 | |c 239 |d 239 | ||